<?xml version="1.0" encoding="UTF-8"?>
<record
    xmlns:xsi="http://www.w3.org/2001/XMLSchema-instance"
    xsi:schemaLocation="http://www.loc.gov/MARC21/slim http://www.loc.gov/standards/marcxml/schema/MARC21slim.xsd"
    xmlns="http://www.loc.gov/MARC21/slim">

  <leader>00534nam a2200205Ia 4500</leader>
  <controlfield tag="008">230125s9999    xx            000 0 und d</controlfield>
  <datafield tag="020" ind1=" " ind2=" ">
    <subfield code="a">81-7660-105-5</subfield>
  </datafield>
  <datafield tag="041" ind1=" " ind2=" ">
    <subfield code="a">eng</subfield>
  </datafield>
  <datafield tag="082" ind1=" " ind2=" ">
    <subfield code="a">658.4033</subfield>
    <subfield code="b">CHI</subfield>
  </datafield>
  <datafield tag="100" ind1=" " ind2=" ">
    <subfield code="a">Dhayagude M G</subfield>
    <subfield code="9">106238</subfield>
  </datafield>
  <datafield tag="245" ind1=" " ind2=" ">
    <subfield code="a">Statistical and Quantitative Methods</subfield>
  </datafield>
  <datafield tag="250" ind1=" " ind2=" ">
    <subfield code="a">8th ed</subfield>
  </datafield>
  <datafield tag="260" ind1=" " ind2=" ">
    <subfield code="c">2011</subfield>
    <subfield code="b">Everest Publishing house</subfield>
    <subfield code="a">Pune</subfield>
  </datafield>
  <datafield tag="300" ind1=" " ind2=" ">
    <subfield code="a">491p</subfield>
  </datafield>
  <datafield tag="500" ind1=" " ind2=" ">
    <subfield code="a">Quantitative methods;QT</subfield>
  </datafield>
  <datafield tag="650" ind1=" " ind2=" ">
    <subfield code="a">Statistics</subfield>
  </datafield>
  <datafield tag="700" ind1=" " ind2=" ">
    <subfield code="a">Dhayagude M G</subfield>
    <subfield code="9">106238</subfield>
  </datafield>
  <datafield tag="906" ind1=" " ind2=" ">
    <subfield code="b">97</subfield>
  </datafield>
  <datafield tag="999" ind1=" " ind2=" ">
    <subfield code="c">89853</subfield>
    <subfield code="d">89853</subfield>
  </datafield>
  <datafield tag="952" ind1=" " ind2=" ">
    <subfield code="0">2</subfield>
    <subfield code="1">0</subfield>
    <subfield code="4">0</subfield>
    <subfield code="7">0</subfield>
    <subfield code="a">HIMR</subfield>
    <subfield code="b">HIMR</subfield>
    <subfield code="d">2011-02-22</subfield>
    <subfield code="e">Everest publisher</subfield>
    <subfield code="g">325.00</subfield>
    <subfield code="i">10358</subfield>
    <subfield code="o">658.4033 CHI B10121</subfield>
    <subfield code="p">HIMR-BK-10121</subfield>
    <subfield code="r">2023-01-25 00:00:00</subfield>
    <subfield code="v">228.00</subfield>
    <subfield code="w">2011-02-18</subfield>
    <subfield code="y">BK</subfield>
    <subfield code="z">B10121</subfield>
  </datafield>
  <datafield tag="952" ind1=" " ind2=" ">
    <subfield code="0">2</subfield>
    <subfield code="1">0</subfield>
    <subfield code="4">0</subfield>
    <subfield code="7">0</subfield>
    <subfield code="a">HIMR</subfield>
    <subfield code="b">HIMR</subfield>
    <subfield code="d">2011-02-22</subfield>
    <subfield code="e">Everest publisher</subfield>
    <subfield code="g">325.00</subfield>
    <subfield code="i">10358</subfield>
    <subfield code="o">658.4033 CHI B10123</subfield>
    <subfield code="p">HIMR-BK-10123</subfield>
    <subfield code="r">2023-01-25 00:00:00</subfield>
    <subfield code="v">228.00</subfield>
    <subfield code="w">2011-02-18</subfield>
    <subfield code="y">BK</subfield>
    <subfield code="z">B10123</subfield>
  </datafield>
  <datafield tag="952" ind1=" " ind2=" ">
    <subfield code="0">2</subfield>
    <subfield code="1">0</subfield>
    <subfield code="4">0</subfield>
    <subfield code="7">0</subfield>
    <subfield code="a">HIMR</subfield>
    <subfield code="b">HIMR</subfield>
    <subfield code="d">2011-02-22</subfield>
    <subfield code="e">Everest publisher</subfield>
    <subfield code="g">325.00</subfield>
    <subfield code="i">10358</subfield>
    <subfield code="o">658.4033 CHI B10120</subfield>
    <subfield code="p">HIMR-BK-10120</subfield>
    <subfield code="r">2023-01-25 00:00:00</subfield>
    <subfield code="v">228.00</subfield>
    <subfield code="w">2011-02-18</subfield>
    <subfield code="y">BK</subfield>
    <subfield code="z">B10120</subfield>
  </datafield>
  <datafield tag="952" ind1=" " ind2=" ">
    <subfield code="0">2</subfield>
    <subfield code="1">0</subfield>
    <subfield code="4">0</subfield>
    <subfield code="7">0</subfield>
    <subfield code="a">HIMR</subfield>
    <subfield code="b">HIMR</subfield>
    <subfield code="d">2011-02-22</subfield>
    <subfield code="e">Everest publisher</subfield>
    <subfield code="g">325.00</subfield>
    <subfield code="i">10358</subfield>
    <subfield code="o">658.4033 CHI B10119</subfield>
    <subfield code="p">HIMR-BK-10119</subfield>
    <subfield code="r">2023-01-25 00:00:00</subfield>
    <subfield code="v">228.00</subfield>
    <subfield code="w">2011-02-18</subfield>
    <subfield code="y">BK</subfield>
    <subfield code="z">B10119</subfield>
  </datafield>
  <datafield tag="952" ind1=" " ind2=" ">
    <subfield code="0">2</subfield>
    <subfield code="1">0</subfield>
    <subfield code="4">0</subfield>
    <subfield code="7">0</subfield>
    <subfield code="a">HIMR</subfield>
    <subfield code="b">HIMR</subfield>
    <subfield code="d">2011-02-22</subfield>
    <subfield code="e">Everest publisher</subfield>
    <subfield code="g">325.00</subfield>
    <subfield code="i">10358</subfield>
    <subfield code="o">658.4033 CHI B10118</subfield>
    <subfield code="p">HIMR-BK-10118</subfield>
    <subfield code="r">2023-01-25 00:00:00</subfield>
    <subfield code="v">228.00</subfield>
    <subfield code="w">2011-02-18</subfield>
    <subfield code="y">BK</subfield>
    <subfield code="z">B10118</subfield>
  </datafield>
  <datafield tag="952" ind1=" " ind2=" ">
    <subfield code="0">2</subfield>
    <subfield code="1">0</subfield>
    <subfield code="4">0</subfield>
    <subfield code="7">0</subfield>
    <subfield code="a">HIMR</subfield>
    <subfield code="b">HIMR</subfield>
    <subfield code="d">2011-02-22</subfield>
    <subfield code="e">Everest publisher</subfield>
    <subfield code="g">325.00</subfield>
    <subfield code="i">10358</subfield>
    <subfield code="o">658.4033 CHI B10117</subfield>
    <subfield code="p">HIMR-BK-10117</subfield>
    <subfield code="r">2023-01-25 00:00:00</subfield>
    <subfield code="v">228.00</subfield>
    <subfield code="w">2011-02-18</subfield>
    <subfield code="y">BK</subfield>
    <subfield code="z">B10117</subfield>
  </datafield>
  <datafield tag="952" ind1=" " ind2=" ">
    <subfield code="0">0</subfield>
    <subfield code="1">0</subfield>
    <subfield code="4">0</subfield>
    <subfield code="7">0</subfield>
    <subfield code="a">HIMR</subfield>
    <subfield code="b">HIMR</subfield>
    <subfield code="d">2011-02-22</subfield>
    <subfield code="e">Everest publisher</subfield>
    <subfield code="g">325.00</subfield>
    <subfield code="i">10358</subfield>
    <subfield code="l">0</subfield>
    <subfield code="o">658.4033 CHI B10115</subfield>
    <subfield code="p">HIMR-BK-10115</subfield>
    <subfield code="r">2023-01-25 00:00:00</subfield>
    <subfield code="v">228.00</subfield>
    <subfield code="w">2011-02-18</subfield>
    <subfield code="y">BK</subfield>
    <subfield code="z">B10115</subfield>
  </datafield>
  <datafield tag="952" ind1=" " ind2=" ">
    <subfield code="0">0</subfield>
    <subfield code="1">0</subfield>
    <subfield code="4">0</subfield>
    <subfield code="7">0</subfield>
    <subfield code="a">HIMR</subfield>
    <subfield code="b">HIMR</subfield>
    <subfield code="d">2011-02-22</subfield>
    <subfield code="e">Everest publisher</subfield>
    <subfield code="g">325.00</subfield>
    <subfield code="i">10358</subfield>
    <subfield code="l">0</subfield>
    <subfield code="o">658.4033 CHI B10116</subfield>
    <subfield code="p">HIMR-BK-10116</subfield>
    <subfield code="r">2023-01-25 00:00:00</subfield>
    <subfield code="v">228.00</subfield>
    <subfield code="w">2011-02-18</subfield>
    <subfield code="y">BK</subfield>
    <subfield code="z">B10116</subfield>
  </datafield>
  <datafield tag="952" ind1=" " ind2=" ">
    <subfield code="0">0</subfield>
    <subfield code="1">0</subfield>
    <subfield code="4">0</subfield>
    <subfield code="7">0</subfield>
    <subfield code="a">HIMR</subfield>
    <subfield code="b">HIMR</subfield>
    <subfield code="d">2011-02-22</subfield>
    <subfield code="e">Everest publisher</subfield>
    <subfield code="g">325.00</subfield>
    <subfield code="i">10358</subfield>
    <subfield code="l">0</subfield>
    <subfield code="o">658.4033 CHI B10114</subfield>
    <subfield code="p">HIMR-BK-10114</subfield>
    <subfield code="r">2023-01-25 00:00:00</subfield>
    <subfield code="v">228.00</subfield>
    <subfield code="w">2011-02-18</subfield>
    <subfield code="y">BK</subfield>
    <subfield code="z">B10114</subfield>
  </datafield>
  <datafield tag="952" ind1=" " ind2=" ">
    <subfield code="0">2</subfield>
    <subfield code="1">0</subfield>
    <subfield code="4">0</subfield>
    <subfield code="7">0</subfield>
    <subfield code="a">HIMR</subfield>
    <subfield code="b">HIMR</subfield>
    <subfield code="d">2011-02-22</subfield>
    <subfield code="e">Everest publisher</subfield>
    <subfield code="g">325.00</subfield>
    <subfield code="i">10358</subfield>
    <subfield code="o">658.4033 CHI B10122</subfield>
    <subfield code="p">HIMR-BK-10122</subfield>
    <subfield code="r">2023-01-25 00:00:00</subfield>
    <subfield code="v">228.00</subfield>
    <subfield code="w">2011-02-18</subfield>
    <subfield code="y">BK</subfield>
    <subfield code="z">B10122</subfield>
  </datafield>
  <datafield tag="952" ind1=" " ind2=" ">
    <subfield code="0">2</subfield>
    <subfield code="1">0</subfield>
    <subfield code="4">0</subfield>
    <subfield code="7">0</subfield>
    <subfield code="a">HIMR</subfield>
    <subfield code="b">HIMR</subfield>
    <subfield code="d">2015-12-04</subfield>
    <subfield code="e">HNIMR Staff</subfield>
    <subfield code="g">1.00</subfield>
    <subfield code="o">658.4033 CHI DB2317</subfield>
    <subfield code="p">HIMR-DB-2317</subfield>
    <subfield code="r">2023-01-25 00:00:00</subfield>
    <subfield code="v">1.00</subfield>
    <subfield code="w">2023-01-25</subfield>
    <subfield code="y">DB</subfield>
    <subfield code="z">DB2317</subfield>
  </datafield>
  <datafield tag="952" ind1=" " ind2=" ">
    <subfield code="0">2</subfield>
    <subfield code="1">0</subfield>
    <subfield code="4">0</subfield>
    <subfield code="7">0</subfield>
    <subfield code="a">HIMR</subfield>
    <subfield code="b">HIMR</subfield>
    <subfield code="d">2010-03-19</subfield>
    <subfield code="e">Satya Gilani</subfield>
    <subfield code="o">658.4033 CHI DB1542</subfield>
    <subfield code="p">HIMR-DB-1542</subfield>
    <subfield code="r">2023-01-25 00:00:00</subfield>
    <subfield code="w">2010-03-19</subfield>
    <subfield code="y">DB</subfield>
    <subfield code="z">DB1542</subfield>
  </datafield>
</record>
